书目信息 |
| 题名: |
作物遗传育种知识
|
|
| 作者: | 童一中 , 高瑾南 编 | |
| 分册: | ||
| 出版信息: | 上海 上海科学技术出版社 1979.08 |
|
| 页数: | 353页 | |
| 开本: | 19cm | |
| 丛书名: | 农村科学实验丛书 | |
| 单 册: | ||
| 中图分类: | S330.1 | |
| 科图分类: | ||
| 主题词: | 作物育种 , 遗传育种 , 作物育种--良种繁育 | |
| 电子资源: | ||
| ISBN: | ||
| 000 | 00780nam0 2200265 450 | |
| 001 | 0852987376 | |
| 005 | 20081006144559.30 | |
| 010 | @dCNY0.65 | |
| 091 | @a16298.12 | |
| 100 | @a20081006d1979 km y0chiy0120 ea | |
| 101 | 0 | @achi |
| 102 | @aCN@b310000 | |
| 200 | 1 | @a作物遗传育种知识@Azuo wu yi chuan yu zhong zhi shi@f童一中,高瑾南编@Ftong yi zhong,gao jin nan bian |
| 210 | @a上海@c上海科学技术出版社@d1979.08 | |
| 215 | @a353页@d19cm | |
| 225 | 2 | @a农村科学实验丛书 |
| 410 | 0 | @12001 @a农村科学实验丛书 |
| 606 | 0 | @a作物育种 |
| 606 | 0 | @a遗传育种 |
| 606 | 0 | @a作物育种@x良种繁育 |
| 690 | @aS330.1@v4 | |
| 701 | 0 | @a童一中@Atong yi zhong@4编 |
| 701 | 0 | @a高瑾南@Agao jin nan@4编 |
| 801 | 0 | @aCN@b大连网信软件有限公司图书馆·11@c20081006 |
| 905 | @aBZT@dS330.1@e2 | |
| 作物遗传育种知识/童一中,高瑾南编.-上海:上海科学技术出版社,1979.08 |
| 353页;19cm.-(农村科学实验丛书) |
| ISBN :CNY0.65 |
| ● |
| 相关链接 |
|
|
|
正题名:作物遗传育种知识
索取号:S330.1/2
 
预约/预借
| 序号 | 登录号 | 条形码 | 馆藏地/架位号 | 状态 | 备注 |
| 1 | 013732 | 201263417 | 中心书库中库/ 中库033架B面7列6层28/ [索取号:S330.1/2] | 在馆 | |
| 2 | 013751 | 201263408 | 中心书库中库/ 中库033架B面7列6层29/ [索取号:S330.1/2] | 在馆 | |
| 3 | 013752 | 201263382 | 中心书库中库/ 中库033架B面7列6层30/ [索取号:S330.1/2] | 在馆 | |
| 4 | 013753 | 201263391 | 中心书库中库/ 中库033架B面7列6层31/ [索取号:S330.1/2] | 在馆 |